Statistics for Top 100 Best Student Cities

Click here to take the quiz!

General Stats

  • This quiz has been taken 152 times
  • The average score is 60 of 101

Answer Stats

RankCity% Correct
18New York City
96%
5Paris
96%
1London
95%
35Los Angeles
91%
9Sydney
91%
31Barcelona
90%
3Melbourne
90%
2Tokyo
89%
7Berlin
88%
32Madrid
88%
33Stockholm
88%
26Beijing
87%
29Shanghai
86%
40Chicago
85%
65Oslo
85%
66Rome
85%
38San Francisco
85%
13Boston
84%
34Dublin
84%
52Mexico City
84%
28Moscow
84%
13Toronto
84%
27Amsterdam
83%
45Copenhagen
81%
19Kyoto-Osaka-Kobe
81%
17Vancouver
81%
75Helsinki
80%
100Miami
80%
36Milan
80%
6Munich
80%
10Seoul
79%
12Hong Kong
78%
100Rio de Janeiro
78%
15Singapore
78%
67Istanbul
76%
11Vienna
76%
76Athens
75%
24Manchester
75%
8Zurich
75%
48Brussels
74%
4Montreal
74%
23Auckland
73%
16Edinburgh
73%
58Philadelphia
73%
60Washington DC
73%
39Perth
71%
30Prague
71%
70Sao Paulo
71%
76St. Petersburg
71%
49Budapest
70%
94Cairo
70%
97Houston
70%
50Lisbon
70%
53Warsaw
70%
21Brisbane
69%
54Bangkok
68%
25Buenos Aires
67%
43Glasgow
67%
71Cape Town
66%
61Dubai-Sharjah-Ajman
65%
99Mumbai
65%
20Taipei
64%
63Santiago
62%
51Birmingham
61%
95Manila
61%
79Johannesburg
59%
62Atlanta
58%
81Bogota
58%
80San Diego
58%
41Adelaide
56%
46Ottawa
54%
42Lyon
53%
37Kuala Lumpur
50%
22Canberra
46%
92Nagoya
43%
72Riyadh
43%
82Ankara
42%
90Valencia
40%
88Quebec City
35%
90Baltimore
29%
58Stuttgart
29%
68Pittsburgh
26%
69Christchurch
25%
57Gothenburg
20%
56Newcastle Upon Tyne
20%
78Toulouse
19%
84Vilnius
19%
92Brighton
12%
87Gold Coast
12%
55Aberdeen
9%
85Graz
9%
97Montpellier
8%
47Nottingham
8%
88Nanjing
7%
83Monterrey
6%
63Brno
4%
44Coventry
3%
86Daejeon
3%
96Novosibirsk
3%
74Tomsk
3%
73Hsinchu
1%

Score Distribution

Percentile by Number Answered

Percent of People with Each Score

Your Score History

You have not taken this quiz